Responses for Show #530 - Friday, December 19, 1986

Frank Hughes game 3.

Contestants

[<< previous game]

Pat Rounds, a sales trainer from Silver Spring, Maryland

Dan Schaffer, a high school teacher from San Diego, California

Frank Hughes, an account executive from Torrance, California (whose 2-day cash winnings total $20,401)

[next game >>]

Jeopardy! Round responses

FAMOUS PAIRS
MAGAZINE COVERS
MUSIC ON THE MAP
NATURAL RESOURCES
BOWLING
(Alex: And another in our continuing series featuring curriculum...)
"F" IN FRENCH
    $100 1
pandas

Frank
    $100 9
Alfred E. Neuman

Dan
    $100 14
Germany

Frank
    $100 21
carbon

Frank
    $100 26
(Alex: Bowlers of the world, unite. We need you now. What is [*]?)

20

Triple Stumper
    $100 3
français

Dan
    $200 2
Troilus

Dan
    $200 12
the Dubious Achievement Awards (of 1985)

Frank
    $200 15
Alabammy

Dan
    $200 22
(automobile) gasoline

Dan
    $200 27
(Alex: Am I correct in assuming that none of you bowl, because we can cancel this first round right now and just chat for the next 20 seconds or so?
[Audience laughter.]
(Alex: Dan, you want to go to 3...)
[End-of-round signal sounds.]
(Alex: Thank you. Thank you. Well, there goes our perfect game.)
[Alex forgets to give the correct response.]

7-10

Triple Stumper
    $200 4
French toast

Frank
    $300 5
Prince Albert

Dan
    $300 13
GQ (Gentlemen's Quarterly)

Pat
    $300 16
(Alex: Everything's up to date there.)

Kansas City

Dan
    $300 23
nuclear power plants

Frank
    $300 6
a femme fatale

Frank
    $400 7
Chris Evert Lloyd and her husband

Triple Stumper
    $400 19
the UPC symbol (Universal Product Code)

Frank
    $400 17
"Lady Of Spain"

Triple Stumper
    $400 24
Mexico

Dan
    $400 10
"Frère Jacques"

Dan
    $500 8
(Pat: Escapes me.)

Torvill and Dean

Pat
Triple Stumper
    $300 20
(Frank: I'm afraid I don't know.)

the Statue of Liberty

Frank
    $500 18
Chicago

Frank
    $500 25
(Pat: What is the Pacific Ocean?)

the Colorado River

Pat
Triple Stumper
    $500 11
(Alex: That's right, and that's how you get an F in French.)

the Folies Bergère

Frank

Scores at the first commercial break (after clue 12):

Frank Dan Pat
$1,300 $1,100 -$500

Scores at the end of the Jeopardy! Round:

Frank Dan Pat
$2,400 $2,200 -$700

Double Jeopardy! Round responses

WORLD WAR II
FASHION HISTORY
(Alex: Another in our continuing series on U.S. states, this one having to do with the famous people of...)
NORTH DAKOTA
MOVIES
ART
LOST LETTERS
(Alex: This last category is not about the kind of letters you mail, it's about letters of the alphabet that become lost for one reason or another. Cryptic enough?)
    $200 8
Benito Mussolini

Frank
    $200 18
a dog

Dan
    $200 16
Lawrence Welk

Frank
    $200 3
Short Circuit

Frank
    $200 1
a still life

Pat
    $200 26
u

Frank
    $500 9
(Alex: "Sink [*]".)

the Bismarck

Frank
    $400 19
Bjorn Borg

Pat
    $400 17
(Dan: Who is Doris Day?)

Peggy Lee

DanPat
    $400 4
The Road Warrior

Frank
    $400 2
Michelangelo

Frank
    $400 27
Mr. T

Pat
    $600 10
(Frank: What is a dog?)

a homing pigeon

Frank
Triple Stumper
    $600 20
Italy

Dan
    $600 23
Roger Maris

Dan
    $600 5
Crazy Mama

Triple Stumper
    $600 13
the plaster

Dan
    $800 11
(the Supermarine) Spitfire

Frank
    $800 21
cotton

Dan
    $800 24
Theodore Roosevelt

Dan
    $800 6
Spanish

Triple Stumper
    $800 14
Wyeth

Dan
    $800 28
(Alex: It used to be Charlestown.)
[The end-of-round signal sounds.]

w

Dan
    $1000 12
the Soviet Union

Frank
    $1000 22
London

Frank
    $1000 25
(Dan: Sherwood Anderson.)
(Pat: Who is Sherwood Anderson?)

Maxwell Anderson

DanPat
Triple Stumper
    $1000 7
Dark Victory

Frank
    $1000 15
the Cubist

Dan

Scores at the end of the Double Jeopardy! Round:

Frank Dan Pat
$7,700 $7,000 -$300

[wagering suggestions for these scores]

Final Jeopardy! Round responses

BLACK AMERICA
(Alex: The cities are, Los Angeles, of course, Mayor Tom Bradley. Chicago with Harold Washington. Philadelphia with Wilson Goode. And Detroit with Coleman Young.)
DanWhat is 3
$7,000
FrankWhat is 3
$6,301
4

Final scores:

Frank Dan Pat
$1,399 $0 -$300
3-day champion: $21,800 2nd place: Admiral refrigerator + Radio Flyer wagons 3rd place: Kosta Boda crystal stemware

Game dynamics:

Coryat scores:

Frank Dan Pat
$7,900 $7,000 -$300
21 R
(including 1 DD),
2 W
(including 1 DD)
18 R,
2 W
5 R,
3 W

Combined Coryat: $14,600

[game clues] [game scores] [suggest correction]

Game tape date: 1986-09-30
The J! Archive is created by fans, for fans. Scraping, republication, monetization, and malicious use prohibited; this site may use cookies and collect identifying information. See terms. The Jeopardy! game show and all elements thereof, including but not limited to copyright and trademark thereto, are the property of Jeopardy Productions, Inc. and are protected under law. This website is not affiliated with, sponsored by, or operated by Jeopardy Productions, Inc. Join the discussion at JBoard.tv.